Proces uvádzania nového produktu na trh

Analýza možnosti implementácie nového produktu pre študentov – absolventov škôl, do praxe. Týmto produktom je vzdelávací program pre študentov, ktorého hlavnou myšlienkou je pripraviť študentov na pracovný život a dať im niečo, čo ich konkurencia (iný študent – absolvent) mať nebude, čím môžu získa...

Description complète

Enregistré dans:
Détails bibliographiques
Auteur principal: Lukačovičová, Zuzana
Autres auteurs: Kyselová, Zuzana
Format: Chapitre de livre
Langue:slovaque
Sujets:
Tags: Ajouter un tag
Pas de tags, Soyez le premier à ajouter un tag!

MARC

LEADER 00000naa a2200000 4500
001 0203803
005 20240502073413.9
041 0 |a slo 
044 |a SK 
245 1 0 |a Proces uvádzania nového produktu na trh  |c Zuzana Lukačovičová, Zuzana Kyselová 
520 |a Analýza možnosti implementácie nového produktu pre študentov – absolventov škôl, do praxe. Týmto produktom je vzdelávací program pre študentov, ktorého hlavnou myšlienkou je pripraviť študentov na pracovný život a dať im niečo, čo ich konkurencia (iný študent – absolvent) mať nebude, čím môžu získať konkurenčnú výhodu pred ostatnými. 
610 2 0 |a stratégia marketingová 
610 2 0 |a vzdelávanie 
610 2 0 |a konkurencia 
610 2 0 |a tovar 
610 2 0 |a analýza trhu 
100 1 |a Lukačovičová, Zuzana 
700 1 |a Kyselová, Zuzana